Caspar David Friedrich

Das Werk Caspar David Friedrichs gilt als der Inbegriff der deutschen Romantik. Gemälde wie „Der Wanderer über dem Nebelmeer” oder die „Kreidefelsen auf Rügen” sind fest verankert im allgemeinen Bildgedächtnis. Johannes Grave unternimmt eine Neubewertung des Lebens und künstlerischen Schaffens...

Ausführliche Beschreibung

Gespeichert in:
Bibliographische Detailangaben
VerfasserIn: Grave, Johannes (VerfasserIn)
Mitwirkende: Friedrich, Caspar David (IllustratorIn)
Dokumenttyp: Buch
Sprache:German
Veröffentlicht: München ; New York ; London : Prestel , [2012]
Schlagwörter:
Online Zugang:Inhaltsverzeichnis
Rezension
Bibliogr. Hinweis:Rezensiert in: [Rezension von: Johannes Grave, Caspar David Friedrich, Glaubensbild und Bildkritik, Diaphanes Verlag - Johannes Grave, Caspar David Friedrich, Prestel Verlag]
Rezensiert in: Schriften von Kilian Heck ; 24: Der Betrachter ist nicht im Bilde: Ein neuer Blick auf Caspar David Friedrichs Malerei
Rezensiert in: Der Betrachter ist nicht im Bilde
Rezensiert in: Neuere Literatur zu Caspar David Friedrich (Teil 2)
Rezensiert in: [Rezension]
Verantwortlich:Johannes Grave
LEADER 06815cam a2201045 c 4500
001 675894816
003 DE-627
005 20260616225339.0
007 tu
008 111130s2012 gw ||||| 00| ||ger c
010 |a  2012931846 
015 |a 11,N48  |2 dnb 
015 |a 12,A24  |2 dnb 
016 7 |a 1017425272  |2 DE-101 
020 |a 9783791383576  |9 978-3-7913-8357-6 
020 |a 9783791346274  |q Gb. : EUR 99.00 (DE), EUR 99.00 (AT), sfr 129.00 (freier Pr.)  |9 978-3-7913-4627-4 
035 |a (DE-627)675894816 
035 |a (DE-603)290255104 
035 |a (DE-576)362613095 
035 |a (DE-599)DNB1017425272 
035 |a (OCoLC)772892146 
035 |a (OCoLC)772892146 
035 |a (OCoLC)838798038 
040 |a DE-627  |b ger  |c DE-627  |e rda 
041 |a ger 
044 |c XA-DE-BY  |c XA-GB  |c XD-US 
050 0 |a N6888.F7626 
082 0 |a 759.3  |q LOC  |2 23 
082 0 4 |a 750  |q DNB 
084 |a KU 803 FRI  |2 sfb 
084 |a 9,10  |2 ssgn 
084 |a LI 30652  |q DE-FR129  |2 rvk  |0 (DE-625)rvk/96031:13280 
084 |a LI 30650  |q BVB  |2 rvk  |0 (DE-625)rvk/96031:13278 
084 |a LI 30655  |2 rvk  |0 (DE-625)rvk/96031:13283 
084 |a LI 30654  |2 rvk  |0 (DE-625)rvk/96031:13282 
084 |a 20.31  |2 bkl 
084 |a 21.02  |2 bkl 
100 1 |a Grave, Johannes  |d 1976-  |e VerfasserIn  |0 (DE-588)129462535  |0 (DE-627)461981831  |0 (DE-576)183813723  |4 aut 
245 1 0 |a Caspar David Friedrich  |c Johannes Grave 
246 3 3 |a C. D. Friedrich 
264 1 |a München  |a New York  |a London  |b Prestel  |c [2012] 
264 4 |c © 2012 
300 |a 287 Seiten  |c 34 x 29 cm 
336 |a Text  |b txt  |2 rdacontent 
336 |a unbewegtes Bild  |b sti  |2 rdacontent 
337 |a ohne Hilfsmittel zu benutzen  |b n  |2 rdamedia 
338 |a Band  |b nc  |2 rdacarrier 
500 |a Hier auch später erschienene, unveränderte Nachdrucke 
500 |a Literaturverz. S. 271 - 275 
500 |a Band im Schuber 
520 |a Das Werk Caspar David Friedrichs gilt als der Inbegriff der deutschen Romantik. Gemälde wie „Der Wanderer über dem Nebelmeer” oder die „Kreidefelsen auf Rügen” sind fest verankert im allgemeinen Bildgedächtnis. Johannes Grave unternimmt eine Neubewertung des Lebens und künstlerischen Schaffens Friedrichs und verbindet dabei die anschauliche Betrachtung von dessen Werken mit einer genauen Rekonstruktion der Biografie des Künstlers. In hochqualitativen Abbildungen und Detailansichten bietet der opulent ausgestattete Band einen neuen Blick auf diesen bekanntesten Maler der deutschen Vor-Moderne und stellt ihn mit seinen Gemälden, Schriften und Briefen in den historischen Kontext 
583 1 |a Archivierung/Langzeitarchivierung gewährleistet  |f SSG  |x XA-DE-BW  |2 pdager  |5 DE-21 
583 1 |a Archivierung/Langzeitarchivierung gewährleistet  |f SSG  |x XA-DE-BW  |2 pdager  |5 DE-16 
600 1 0 |a Friedrich, Caspar David  |d 1774-1840  |x Criticism and interpretation 
600 1 4 |a Friedrich, Caspar David 
650 0 |a Art, German  |y 19th century  |x Themes, motives 
650 0 |a Romanticism in art 
650 4 |a Malerei 
655 7 |a Bildband  |0 (DE-588)4145395-5  |0 (DE-627)104450835  |0 (DE-576)209741139  |2 gnd-content 
689 0 0 |d p  |0 (DE-588)118535889  |0 (DE-627)144925958  |0 (DE-576)208925252  |a Friedrich, Caspar David  |d 1774-1840  |2 gnd 
689 0 1 |d s  |0 (DE-588)4037220-0  |0 (DE-627)10623871X  |0 (DE-576)209022892  |a Malerei  |2 gnd 
689 0 |5 DE-101 
689 1 0 |d p  |0 (DE-588)118535889  |0 (DE-627)144925958  |0 (DE-576)208925252  |a Friedrich, Caspar David  |d 1774-1840  |2 gnd 
689 1 1 |d s  |0 (DE-588)4037220-0  |0 (DE-627)10623871X  |0 (DE-576)209022892  |a Malerei  |2 gnd 
689 1 |5 (DE-627) 
700 1 |a Friedrich, Caspar David  |d 1774-1840  |e IllustratorIn  |0 (DE-588)118535889  |0 (DE-627)144925958  |0 (DE-576)208925252  |4 ill 
787 0 8 |i Rezensiert in  |a Zimmermann, Reinhard  |t [Rezension von: Johannes Grave, Caspar David Friedrich, Glaubensbild und Bildkritik, Diaphanes Verlag - Johannes Grave, Caspar David Friedrich, Prestel Verlag]  |d Regensburg : Schnell und Steiner, 2014  |w (DE-627)1577436989  |w (DE-576)507436989 
787 0 8 |i Rezensiert in  |a Heck, Kilian, 1968 -   |t Schriften von Kilian Heck ; 24: Der Betrachter ist nicht im Bilde: Ein neuer Blick auf Caspar David Friedrichs Malerei  |d Heidelberg : Universitätsbibliothek Heidelberg, 2018  |h 1 Online-Ressource  |w (DE-627)1576213315  |w (DE-576)506213315 
787 0 8 |i Rezensiert in  |t Der Betrachter ist nicht im Bilde  |d 2013  |w (DE-627)1469958376  |w (DE-576)399958371 
787 0 8 |i Rezensiert in  |t Neuere Literatur zu Caspar David Friedrich (Teil 2)  |d 2014  |w (DE-627)1472224698  |w (DE-576)402224698 
787 0 8 |i Rezensiert in  |t [Rezension]  |d 2013  |w (DE-627)1752544307 
787 0 8 |i Rezensiert in  |w (DE-603)457976934 
856 4 2 |u http://d-nb.info/1017425272/04  |m B:DE-101  |q application/pdf  |v 2013-05-01  |x Verlag  |3 Inhaltsverzeichnis  |7 1 
856 4 2 |u http://www.perlentaucher.de/buch/johannes-grave/caspar-david-friedrich.html  |x Verlag  |3 Rezension  |7 1 
935 |a mteo  |a LBGMV 
935 |i Blocktest 
936 r v |a LI 30652  |b reine Abbildungswerke: Bildbände, Bildmappen (sofern sie das Gesamtwerk oder eine Auswahl aus dem Gesamtwerk reproduzieren)  |k Kunstgeschichte  |k Künstler-Monografien  |k Alphabetische Künstlerliste  |k Künstler F  |k Friedrich, Caspar David (bis 30660)  |k reine Abbildungswerke: Bildbände, Bildmappen (sofern sie das Gesamtwerk oder eine Auswahl aus dem Gesamtwerk reproduzieren)  |0 (DE-627)1272035018  |0 (DE-625)rvk/96031:13280  |0 (DE-576)202035018 
936 r v |a LI 30650  |b Werkverzeichnisse, Ausstellungskataloge. Personalbibliografien  |k Kunstgeschichte  |k Künstler-Monografien  |k Alphabetische Künstlerliste  |k Künstler F  |k Friedrich, Caspar David (bis 30660)  |k Werkverzeichnisse, Ausstellungskataloge. Personalbibliografien  |0 (DE-627)1270671995  |0 (DE-625)rvk/96031:13278  |0 (DE-576)200671995 
936 r v |a LI 30655  |b Biografien, Werkdarstellungen, Gedenkreden und andere Gesamtwürdigungen (Sammelwerke, Festschriften etc.)  |k Kunstgeschichte  |k Künstler-Monografien  |k Alphabetische Künstlerliste  |k Künstler F  |k Friedrich, Caspar David (bis 30660)  |k Biografien, Werkdarstellungen, Gedenkreden und andere Gesamtwürdigungen (Sammelwerke, Festschriften etc.)  |0 (DE-627)1270672207  |0 (DE-625)rvk/96031:13283  |0 (DE-576)200672207 
936 r v |a LI 30654  |b Dokumente zu Leben und Werk  |k Kunstgeschichte  |k Künstler-Monografien  |k Alphabetische Künstlerliste  |k Künstler F  |k Friedrich, Caspar David (bis 30660)  |k Dokumente zu Leben und Werk  |0 (DE-627)1272379485  |0 (DE-625)rvk/96031:13282  |0 (DE-576)202379485 
936 b k |a 20.31  |j Bildende Künstler  |0 (DE-627)181571080 
936 b k |a 21.02  |j Geschichte der Malerei  |0 (DE-627)106406698 
936 s n |a l300  |2 mzub 
951 |a BO 
990 |a Friedrich, Caspar David 
990 |a Malerei 
990 |a Friedrich, Caspar David 
990 |a Malerei 
991 |a Rezensiertes Werk 
999 |a KXP-PPN675894816  |e 4160040608